Family Guy Trivia (Hard) - Statistics

General Stats
  • This quiz has been taken 599 times
  • The average score is 5 of 15
Answer Stats
Question Answer % Correct
What lies under Chuck Norris's beard? Another Fist
73%
Who in Family Guy is Kind of a Buzz Kill? Buzz Killington
67%
Whilst at a car store, Brian sees a type of vehicle and says "What kind of jerk would drive a _____" Fill in the blank! Hummer
50%
Who killed Vern and Johnny? (Piano guys) Stewie
49%
The Superdevil Carries around a Jar of What? Marmalade
43%
...and the contents of the Superdevils Jar forces you to do what? Commit Adultery
41%
...and the cutaway after Brian says that features a person watching what movie while driving? Madagascar
36%
What was the name of Peters Restaurant? Big Petes House of Munch
29%
...but before this restaurant, Peter had another restaurant that got shut down because of Peters what? Exploding Cupcakes
29%
...and this place was called the what? Fuzzy Clam
27%
Who is after Kevin Conelly's Lucky Charms? Quagmire
22%
Who is Megs real Dad? Stan Thompson
18%
What kind of establishment did Bonnie and Joe meet at? A Strip Club
7%
What is the name of the Random girl Peter brings home to have sex with when he loses his memory? Tiffany
7%
What show did Jerome and Peter have in common? Family Ties
4%
No matching quizzes found
Score Distribution
Percent of People with Each Score
Percentile by Number Answered
Your Score History
You have not taken this quiz